000 00425nam a2200169Ia 4500
008 090711s9999 xx 000 0 und d
082 _b52821
100 _aतिबिले अनंत
245 _aसौदा
260 _c1986
300 _a176
600 _aतिबिले अनंत
630 _aसौदा
700 _aतिबिले अनंत
730 _aसौदा
942 _cBOOK
999 _c302037
_d302037